چشم دیر / (Record no. 171694)

MARC details
000 -LEADER
fixed length control field 00423nam a22001697a 4500
005 - DATE AND TIME OF LATEST TRANSACTION
control field 20200117143037.0
010 ## - LCCN (DPL NO)
LC control number A-550989
020 ## - INTERNATIONAL STANDARD BOOK NUMBER
Terms of availability 20.00
035 ## - SYSTEM CONTROL NUMBER
System control number A-550989
037 ## - SOURCE OF ACQUISITION
Source of stock number/acquisition BPPD/Pub.
082 ## - DEWEY DECIMAL CLASSIFICATION NUMBER
Classification number 847
100 ## - MAIN ENTRY--PERSONAL NAME
Personal name حیدر بیابانی
245 ## - TITLE STATEMENT
Title چشم دیر /
Statement of responsibility, etc حیدر بیابانی
260 ## - PUBLICATION, DISTRIBUTION, ETC. (IMPRINT)
Place of publication, distribution, etc -
Name of publisher, distributor, etc -
Date of publication, distribution, etc 1990 ء
300 ## - PHYSICAL DESCRIPTION
Extent 128p.
Dimensions 21cm(Hb)
942 ## - ADDED ENTRY ELEMENTS (KOHA)
Source of classification or shelving scheme Dewey Decimal Classification
Item type Urdu Bks
Classification part 847
Call number suffix ح ی د
Holdings
Withdrawn status Lost status Not for loan Collection code Home library Current library Date acquired Source of acquisition Cost, normal purchase price Full call number Barcode Copy number Cost, replacement price Koha item type
      Non-fiction Central Library Central Library 17/01/2020 BPPD/Ven. 20.00 847 ح ی د A-550989 1 20.00 Urdu Bks

© Delhi Public Library
Hit Counter
free hit counter